| 000 | 01669nam a22002417a 4500 | ||
|---|---|---|---|
| 003 | St Aloysius Coll | ||
| 005 | 20260128153232.0 | ||
| 008 | 260128b |||||||| |||| 00| 0 eng d | ||
| 020 | _a9789353506193 | ||
| 040 | _cAL | ||
| 041 | _aEnglish | ||
| 082 |
_a543.07 _bSKOP |
||
| 100 |
_aDouglas A Skoog _9253007 |
||
| 245 | _aPrinciples of instrumental analysis | ||
| 250 | _a7th | ||
| 260 |
_aAustralia _bCengage _c2018 |
||
| 300 |
_axx,959p. _bPB _c27.5x21Cm. |
||
| 365 |
_2General _a5637 _b₹1108.00 _c₹ _d₹1385.00 _e20% _f26/01/25026 |
||
| 520 | _aPrinciples of instrumental analysis is the standard for courses on the principles and applications of modern analytical instruments. In the 7th edition, authors skoog, holler, and Crouch infuse their popular text with updated techniques and new instrumental analysis in action case studies. Updated material enhances the book' S proven approach, which places an emphasis on the fundamental principles of operation for each type of instrument, its optimal area of application, its sensitivity, its precision, and its limitations. The text also introduces students to elementary analogies and digital Electronics, computers, and the treatment of analytical data. A companion website is available, providing students with tutorials on instrumental methods, Excel files of data analysis, and simulations of analytical techniques to help them visualize important concepts. Digital object identifies (do is) are provided for most references to the primary literature. | ||
| 650 |
_2Analytical Chemistry _aInstrumental Analysis _9253008 |
||
| 700 |
_aHoller, F James _dCrouch, Stanley _9253009 |
||
| 942 |
_2ddc _cBK |
||
| 999 |
_c240833 _d240833 |
||